| 000 | 00364nam a2200145Ia 4500 | ||
|---|---|---|---|
| 008 | 150201s1997 xx 000 0 und d | ||
| 082 |
_a615.321 _bP1997S |
||
| 100 | _aSATOSKAR R.S. | ||
| 245 | _aPHARMACOLOGY & PHARMACOTHERAPTICS | ||
| 250 | _a5TH | ||
| 260 |
_bPOPULAR PRAKASHAN _aHYDERABAD _c1997 |
||
| 300 | _a1-528 | ||
| 650 | _aPHARMACOLOGY | ||
| 942 |
_2ddc _cBK |
||
| 999 |
_c3167 _d3167 |
||